000
00229nam a22000857a 4500
008
161111b xxu||||| |||| 00| 0 eng d
100
_9
1148
_a
balasubramaniyan.k
245
_a
mangu`s top
260
_a
new delhi
_b
national book trust
_c
2007
999
_c
3808
_d
3808